Korupcia a transparentnosť procesu verejného obstarávania na Slovensku diplomová práca

Gespeichert in:
Bibliographische Detailangaben
1. Verfasser: Kobularčík, Ján
Körperschaft: Podnikovohospodárska fakulta EU so sídlom v Košiciach. Katedra finančného riadenia podniku
Weitere Verfasser: Kmeťová, Oľga, 1959-
Format: Buch
Sprache:Slowakisch
Veröffentlicht: Košice 2019
Tags: Tag hinzufügen
Keine Tags, Fügen Sie das erste Tag hinzu!

MARC

LEADER 00000nbm a2200000 4500
001 0254797
005 20190918145955.3
041 0 |a slo 
044 |a SK 
245 1 0 |a Korupcia a transparentnosť procesu verejného obstarávania na Slovensku  |b diplomová práca  |c Ján Kobularčík ; školiteľ: Oľga Kmeťová 
264 1 |a Košice  |c 2019 
300 |a 62 s. 
100 1 |a Kobularčík, Ján 
700 1 |a Kmeťová, Oľga, 1959- 
710 2 |a Podnikovohospodárska fakulta EU so sídlom v Košiciach. Katedra finančného riadenia podniku